Statistics for Unscramble country-state and capital!

Click here to take the quiz!

General Stats

  • This quiz has been taken 30 times
  • The average score is 8 of 18

Answer Stats

Letters of Capital + Country/US StateCapital City% Correct
Luxembourg
79%
bbeeggllmmoorruuuuxxLuxembourg
79%
New Zealand
63%
aadeeegilllnnnnotwwzWellington
63%
aaaabeghikmnnrsstttuAshgabat
46%
California
46%
aaaaccefiilmnnoorrstSacramento
46%
Turkmenistan
46%
Oklahoma
42%
aaaachhikkllmmooootyOklahoma City
42%
aaaddeeehlmmnnrrssttAmsterdam
29%
Mauritania
29%
Netherlands
29%
North Carolina
29%
aaaachiikmnnoortttuuNouakchott
29%
aaaceghhiillnnoorrrtRaleigh
29%
Argentina
17%
aaabeeegiinnnorrsstuBuenos Aires
17%

Score Distribution

Percentile by Number Answered

Percent of People with Each Score

Your Score History

You have not taken this quiz